000 00270nam a2200121 a 4500
008 091015s1974|||| d
100 1 _aGabaj, F.
245 1 0 _aMaturantka Eva
260 _bMladé letá
_aBratislava
_c1974
020 _c17
041 _aslo
044 _axo
_cSK
999 _c546
_d546